| 000 | 00527nam a22001817a 4500 | ||
|---|---|---|---|
| 005 | 20251108164229.0 | ||
| 008 | 250721s1963 xx 000 0 ara d | ||
| 082 | 1 | 4 | _a916.3/بوخ |
| 100 | 1 | _aبوخهلستر، جون | |
| 245 | 1 | 0 | _aأرض الوجوه السمراء / |
| 264 | 1 |
_aالقاهرة : _bمؤسسة سجل العرب، _c1963. |
|
| 300 | _a250 ص. | ||
| 650 | 1 | 7 | _aإثيوبيا |
| 650 | 1 | 7 | _aالرحلات الجغرافية |
| 700 | 1 |
_aيس، رمزي _eترجمة |
|
| 942 |
_2ddc _cBK |
||
| 999 |
_c6979 _d6979 |
||